| 000 | 00312 a2200133 4500 | ||
|---|---|---|---|
| 999 |
_c325393 _d325393 |
||
| 001 | 90320 | ||
| 003 | NUST | ||
| 082 | _a891.4394 UXI | ||
| 100 |
_aUxi Mufti _9623 |
||
| 245 |
_aKhagaz Ka Ghora _hUrdu |
||
| 260 |
_aLahore _bAl- Faisal Nashran _c2013 |
||
| 300 | _a199p. | ||
| 500 | _aGeneral Books | ||
| 942 |
_aCAE NUST _cBK _k891.4394 UXI _2ddc |
||